Представление документа в формате MARC21

ПолеНазваниеЗначение
  Тип записи a
  Библиографический уровень m
001 Контрольный номер RU\infra-m\znanium\bibl\2252582
005 Дата корректировки 20260429142058.4
008 Кодируемые данные 260406s2026 RU g rus u
020 Индекс ISBN __
a ISBN 978-5-9275-5134-7
040 Источник каталогиз. __
a Служба первич. каталог. Общество с ограниченной ответственностью «ЗНАНИУМ»
041 Код языка издания __
a Код языка текста rus
044 Код страны публикации __
a Код страны публикации RU
080 Индекс УДК __
a Индекс УДК 621
084 Индекс другой классификации/Индекс ББК __
2 Источник индекса rubbk
a Индекс другой классификации/Индекс ББК 3281
084 Индекс другой классификации/Индекс ББК __
2 Источник индекса okso
a Индекс другой классификации/Индекс ББК 11.03.01
084 Индекс другой классификации/Индекс ББК __
2 Источник индекса okso
a Индекс другой классификации/Индекс ББК 11.03.02
084 Индекс другой классификации/Индекс ББК __
2 Источник индекса okso
a Индекс другой классификации/Индекс ББК 11.03.03
100 Автор __
a Автор Пилипенко А.М.
q Полное имя Пилипенко Александр Михайлович
u Дополнение Южный федеральный университет
245 Заглавие __
a Заглавие Основы теории модуляции и детектирования сигналов
b Продолж. заглавия Учебное пособие
c Ответственность Южный федеральный университет
250 Сведения об издании __
a Основные сведения об издании 1
260 Выходные данные __
a Место издания Ростов-на-Дону
b Издательство Издательство Южного федерального университета (ЮФУ)
c Дата издания 2025
300 Физическое описание __
a Объем 153 с.
520 Аннотация __
a Аннотация В учебном пособии представлены материалы лекционных и практических занятий по второй части дисциплины «Теоретические основы радиотехники» в которой рассматриваются теория и методы модуляции и детектирования сигналов. Учебное пособие предназначено для студентов вузов обучающихся по направлениям подготовки бакалавров 11.03.01 «Радиотехника» 11.03.02 «Инфокоммуникационные технологии и системы связи» 11.03.03 «Конструирование и технология электронных средств».
521 Примеч. о цел. назн. __
a Примеч. о целев. назн. ВО - Бакалавриат
650 Тематические рубрики __
a Основная рубрика Науковедение. Общенаучное знание и теории
x Основная подрубрика Общенаучное знание и теории
655 Указ. предметных рубрик (устаревшее) __
a Жанр/ форма (устаревшее) Учебное пособие
856 Электронный адрес документа 4_
a Имя сервера/домена znanium.ru
m Помощь ebs_support@infra-m.ru
n Местонахождение сервера НИЦ ИНФРА-М
u URL https://znanium.ru/catalog/document?id=481206
856 Электронный адрес документа 48
a Имя сервера/домена znanium.ru
d Путь /cover/2252
f Электронное имя 2252582.jpg
u URL https://znanium.ru/cover/2252/2252582.jpg
911 __
u 0030=https://znanium.ru/catalog/document?id=481206